|
|
|
|
| LEADER |
01269nam a2200313 a 4500 |
| 001 |
3970 |
| 003 |
BD-DhAAL |
| 005 |
20150513114812.0 |
| 008 |
150513s1998 maua b 001 0 eng |
| 010 |
|
|
|a 97070794
|
| 020 |
|
|
|a 0697132374
|
| 040 |
|
|
|a DLC
|c DLC
|d DLC
|d BD-DhAAL
|
| 050 |
0 |
0 |
|a HE8689.8
|b .Q38 1998
|
| 082 |
0 |
0 |
|a 384.54/068
|2 21
|
| 100 |
1 |
|
|a Brown, James A.
|q (James Anthony),
|d 1932-
|9 10977
|
| 245 |
1 |
0 |
|a Radio-television-cable management /
|c James A. Brown, Ward L. Quaal.
|
| 250 |
|
|
|a 3rd ed.
|
| 260 |
|
|
|a Boston :
|b McGraw-Hill,
|c c1998.
|
| 300 |
|
|
|a xix, 554 p. :
|b ill. ;
|c 26 cm.
|
| 500 |
|
|
|a Rev. ed. of: Broadcast management : radio, television / by Ward L. Quaal, James A. Brown. 2nd ed., rev. and enl. 1976.
|
| 504 |
|
|
|a Includes bibliographical references and index.
|
| 541 |
|
|
|e 3970
|
| 650 |
|
0 |
|a Radio broadcasting
|z United States
|x Management.
|9 10978
|
| 650 |
|
0 |
|a Television broadcasting
|z United States
|x Management.
|9 10979
|
| 700 |
1 |
|
|a Quaal, Ward L.
|9 10980
|
| 700 |
1 |
|
|a Quaal, Ward L.
|t Broadcast management.
|9 10981
|
| 942 |
|
|
|2 ddc
|c BK
|
| 999 |
|
|
|c 34398
|d 34398
|
| 952 |
|
|
|0 0
|1 0
|2 ddc
|4 0
|6 384_540680000000000_BRO
|7 0
|9 53706
|a SCL
|b SCL
|c GEN
|d 2015-05-13
|e Gift: The Asia Foundation
|l 0
|o 384.54068 BRO
|p 3020003970
|r 2015-05-13
|t 1
|w 2015-05-13
|y BK
|